The Communication Aspect of Business Negotiations in the Intercultural Context

Interkultúrne aspekty v obchodných rokovaniach.

Salvato in:
Dettagli Bibliografici
Autore principale: Helmová, Milena, 1954-
Natura: Capitolo di libro
Lingua:inglese
Soggetti:
Tags: Aggiungi Tag
Nessun Tag, puoi essere il primo ad aggiungerne!!

MARC

LEADER 00000naa a2200000 4500
001 0227143
005 20240502083610.1
041 0 |a eng 
044 |a US 
245 1 0 |a The Communication Aspect of Business Negotiations in the Intercultural Context  |c Milena Helmová 
520 |a Interkultúrne aspekty v obchodných rokovaniach. 
610 2 0 |a rokovania obchodné 
610 2 0 |a komunikácia multikultúrna 
610 2 0 |a komunikácia interkultúrna 
610 2 0 |a zvyklosti kultúrne 
610 2 0 |a zvyklosti obchodné 
610 2 0 |a podnikanie medzinárodné 
100 1 |a Helmová, Milena, 1954-